000
00283nam a2200121Ia 4500
008
241002s9999 xx 000 0 und d
082
_a
808.3 WEL
100
_a
Wells, H. G
245
0
_a
Mr. Britling see it- through
260
_a
London:
_c
1968
600
_a
Literature
942
_c
UC
999
_c
18773
_d
18773